Ký ức Hai : Truyện và ký

保存先:
書誌詳細
第一著者: Trần, Tử Văn
フォーマット: 図書
言語:Undetermined
出版事項: Thành phố Hồ Chí Minh Trẻ 1999
主題:
タグ: タグ追加
タグなし, このレコードへの初めてのタグを付けませんか!
Thư viện lưu trữ: Trung tâm Học liệu Trường Đại học Cần Thơ
LEADER 00571nam a2200193Ia 4500
001 CTU_226435
008 210402s9999 xx 000 0 und d
082 |a 895.9223 
082 |b V115 
100 |a Trần, Tử Văn 
245 0 |a Ký ức Hai : 
245 0 |b Truyện và ký 
245 0 |c Trần Tử Văn 
260 |a Thành phố Hồ Chí Minh 
260 |b Trẻ 
260 |c 1999 
650 |a Short stories, Vietnamese,Truyện ngắn Việt Nam 
910 |b vtbtruc 
980 |a Trung tâm Học liệu Trường Đại học Cần Thơ